000 00340nam a2200145Ia 4500
100 _aMorris/Noel M
650 _aElectrical Engineering
942 _cBK
654 _aComputer
245 _aMastering Electronic & Electrical Calculations
260 _bMacmillan
_aNew Delhi
_c1996
300 _a452
546 _aENGLISH
999 _c33205
_d33205